Statistics for Artists & Songs Translations #1

Click here to take the quiz!

General Stats

  • This quiz has been taken 6 times
  • The average score is 6 of 27

Answer Stats

Hint Answer % Correct
RammsteinGerman
50%
RammsteinDu Hast
50%
Evanescence
50%
Brigitte Bardot
33%
Nelly FurtadoHands In The Air
33%
IndilaDernière Danse
33%
Ricky Martin
33%
Enrique IglesiasFrench
33%
Brigitte BardotMoi, je joue
33%
StromaeAlors On Dance
33%
Stromae
33%
Ricky MartinThe Cup of Life
33%
EvanescenceAmerican
33%
Juanes
33%
Enrique Iglesias
17%
Enrique IglesiasSpanish
17%
JuanesThe Black Shirt
17%
Enrique IglesiasBailando
17%
Nelly Furtado
17%
EvanescenceDisappearance
0%
Shakira
0%
Luis Fonsi
0%
ShakiraChantaje
0%
JuanesColombian
0%
Luis FonsiDespacito
0%
BTS (Bangtan Sonyeondan)
0%
BTSSouth Korean
0%

Score Distribution

Percentile by Number Answered

Percent of People with Each Score

Your Score History

You have not taken this quiz